000 00927nam a22003497a 4500
001 BR9904569
003 BR-BrBNA
005 20230928100502.0
007 ta
008 230509b bl.||||| |||| 00| 0 por d
040 _aBR-BrBNA
_bpor
_cBiblioteca Nacional de Agricultura
041 _a(Por)
072 _aP33
090 _ P33 BR9904569
100 1 _aBuckman, H.O.
100 1 _aBrady, N.C.
245 1 _aNatureza e propriedades dos solos; compendio universitario sobre edafologia
250 1 _a3. ed.
260 3 _aSao Paulo, SP (Brasil):
_bLivraria Freitas Bastos S.A.,
_c1974.
300 _a594 p.
500 _atables; illus.
650 _aSolo
650 _aNatureza
650 _aPropriedade Fisico-Quimica
650 _aNutriente
650 _aMateria Organica
650 _aCalagem
650 _aFertilizante
650 _aAdubacao
909 _a202309
_bLucia
_c55
_dLucia Elande
942 _cBK
999 _c61511
_d61511